[Event "42nd Hoogovens it"]
[Site "Wijk aan Zee NED"]
[Date "1980.01.15"]
[Round "1"]
[White "Boehm, Hans"]
[Black "Sigurjonsson, Gudmundur"]
[Result "1-0"]
[WhiteElo "2410"]
[BlackElo "2475"]
[EventDate "1980.01.15"]
[PlyCount "77"]

1. d4 Nf6 2. c4 e6 3. Nc3 Bb4 4. Qc2 O-O 5. Bg5 d6 6. e3 e5 7. Nge2 Re8 8. O-O-O Bxc3 9. Nxc3 h6 10. Bh4 exd4 11. exd4 c6 12. f3 Nbd7 13. g4 Qa5 14. Rg1 Nh7 15. Bd3 Ndf8 16. f4 f6 17. Kb1 Be6 18. d5 cxd5 19. cxd5 Bf7 20. g5 fxg5 21. fxg5 hxg5 22. Bxg5 Bh5 23. Bh6 Re7 24. Rdf1 Rae8 25. Qf2 Rf7 26. Qg3 Rxf1+ 27. Rxf1 Re7 28. Qxd6 Rf7 29. Rxf7 Bxf7 30. Qg3 g6 31. Qe5 Ne6 32. a3 Qc7 33. Qxc7 Nxc7 34. d6 Ne6 35. Nd5 Nhf8 36. Nf6+ Kh8 37. d7 Nh7 38. Nxh7 Kxh7 39. Bg5 1-0

[Event "42nd Hoogovens it"]
[Site "Wijk aan Zee NED"]
[Date "1980.01.15"]
[Round "1"]
[White "Byrne, Robert"]
[Black "Alburt, Lev"]
[Result "1-0"]
[WhiteElo "2530"]
[BlackElo "2515"]
[EventDate "1980.01.15"]
[PlyCount "149"]

1. e4 Nf6 2. e5 Nd5 3. d4 d6 4. Nf3 Bg4 5. Be2 e6 6. O-O Be7 7. c4 Nb6 8. Be3 O-O 9. Nc3 d5 10. c5 Bxf3 11. gxf3 Nc8 12. f4 Nc6 13. b4 a6 14. a3 g6 15. Bd3 Kh8 16. Kh1 Rg8 17. Rg1 Bf8 18. Qf3 N8e7 19. Rg3 Bg7 20. Rag1 Rf8 21. Rh3 f5 22. Qg3 Rf7 23. Nb1 Bf8 24. Nd2 Rg7 25. Nf3 Ng8 26. Ng5 Qe8 27. Qh4 h6 28. Rhg3 Nd8 29. Nf3 b5 30. Qh3 Be7 31. Be2 c6 32. Qg2 a5 33. Rxg6 Rxg6 34. Qxg6 Qxg6 35. Rxg6 axb4 36. axb4 Ra2 37. Bd2 Kh7 38. Rg1 Bf8 39. Rb1 Ne7 40. Bd1 Ng6 41. Bb3 Ra3 42. Kg2 Be7 43. Kg3 Nf7 44. h4 Ra8 45. h5 Nf8 46. Nh2 Bd8 47. Nf1 Bc7 48. Kh3 Nd7 49. Ng3 Nf8 50. Be3 Kh8 51. Rb2 Ra3 52. Bc2 Nd8 53. Nxf5 exf5 54. Bxf5 Nde6 55. Kg4 Kg7 56. Bb1 Nd7 57. Ra2 Rxa2 58. Bxa2 Bd8 59. Bb1 Nf6+ 60. exf6+ Bxf6 61. Bf5 Nxd4 62. Bd7 Kf8 63. Bxd4 Bxd4 64. Bxc6 Bc3 65. Bxb5 Bxb4 66. c6 Bd6 67. Ba4 Ke7 68. Bb3 d4 69. Bc2 Kd8 70. Kf3 Kc7 71. Ba4 Kb6 72. f5 Be5 73. Ke4 Bf6 74. Kd5 d3 75. Kd6 1-0

[Event "42nd Hoogovens it"]
[Site "Wijk aan Zee NED"]
[Date "1980.01.17"]
[Round "3"]
[White "Timman, Jan"]
[Black "Sunye Neto, Jaime"]
[Result "1/2-1/2"]
[WhiteElo "2600"]
[BlackElo "2415"]
[EventDate "1980.01.15"]
[PlyCount "138"]

1. e4 c5 2. Nf3 d6 3. d4 cxd4 4. Nxd4 Nf6 5. Nc3 a6 6. Bg5 e6 7. f4 Qb6 8. Qd2 Qxb2 9. Rb1 Qa3 10. f5 Nc6 11. fxe6 fxe6 12. Nxc6 bxc6 13. e5 Nd5 14. Nxd5 cxd5 15. Be2 dxe5 16. O-O Ra7 17. c4 Qc5+ 18. Kh1 d4 19. Bh5+ g6 20. Bd1 Be7 21. Ba4+ Kd8 22. Rf7 h6 23. Bxh6 e4 24. h3 e5 25. Bg5 e3 26. Bxe3 Rh5 27. Rg7 Rb7 28. Re1 Qb4 29. Qd1 Qd6 30. Bd2 Kc7 31. Bc2 d3 32. Ba5+ Kb8 33. Qxd3 Qxd3 34. Bxd3 Bb4 35. Bxb4 Rxg7 36. Bd6+ Ka8 37. c5 Bb7 38. Kh2 Rg8 39. g4 Rh7 40. Rxe5 Rf7 41. Bc4 Rf2+ 42. Kg3 Rf3+ 43. Kh4 g5+ 44. Rxg5 Rxh3+ 45. Kxh3 Rxg5 46. Kh4 Rg7 47. Be6 Be4 48. Kg3 Rg6 49. Bc8 Ka7 50. Kf4 Bd5 51. a3 Rg8 52. Bd7 Kb7 53. Ke5 Bf3 54. Kf4 Bd5 55. g5 Rg7 56. Bf5 Kc6 57. g6 Rb7 58. Ke5 Rb2 59. Bd3 Rb3 60. Bxa6 Re3+ 61. Kf6 Rxa3 62. Bc8 Ra1 63. Bf5 Rf1 64. g7 Rxf5+ 65. Kxf5 Bg8 66. Ke5 Ba2 67. Kd4 Bg8 68. Kc3 Kb5 69. Bf8 Ba2 1/2-1/2

[Event "42nd Hoogovens it"]
[Site "Wijk aan Zee NED"]
[Date "1980.01.24"]
[Round "8"]
[White "Sunye Neto, Jaime"]
[Black "Kovacevic, Vlatko"]
[Result "1/2-1/2"]
[WhiteElo "2415"]
[BlackElo "2510"]
[EventDate "1980.01.15"]
[PlyCount "111"]

1. c4 f5 2. g3 Nf6 3. Bg2 d6 4. Nc3 e5 5. d4 c6 6. e4 exd4 7. Qxd4 Na6 8. Nge2 Nb4 9. Qd2 Be6 10. exf5 Bxc4 11. O-O d5 12. b3 Ba6 13. a3 Nd3 14. Nd4 Kf7 15. Qc2 Bd6 16. Ne6 Qd7 17. Bg5 Rac8 18. Rfd1 Nc5 19. Nxc5 Bxc5 20. b4 Be7 21. b5 Bxb5 22. Nxb5 cxb5 23. Qb3 Qxf5 24. Bxf6 Qxf6 25. Rxd5 Rc3 26. Qxb5 g6 27. Rd7 Rhc8 28. Bd5+ Kf8 29. Kg2 Rc2 30. Rf1 Rb2 31. Qd3 Rcc2 32. Qf3 Qxf3+ 33. Kxf3 Rd2 34. Rxb7 Rd3+ 35. Kg2 Rxb7 36. Bxb7 Bxa3 37. Bf3 Bc5 38. Rd1 Rc3 39. Rd8+ Ke7 40. Rh8 Rc2 41. Rxh7+ Kf6 42. Kh3 Bxf2 43. Be4 Re2 44. Bb1 Rb2 45. Bd3 Bg1 46. Kg4 Rb4+ 47. Kf3 g5 48. Rh6+ Ke5 49. Rg6 Kd4 50. Bf5 Rb3+ 51. Kg2 Be3 52. h4 Rb2+ 53. Kh3 Ke5 54. Bd7 gxh4 55. Re6+ Kd4 56. gxh4 1/2-1/2

[Event "42nd Hoogovens it"]
[Site "Wijk aan Zee NED"]
[Date "1980.01.24"]
[Round "8"]
[White "Timman, Jan"]
[Black "Boehm, Hans"]
[Result "1-0"]
[WhiteElo "2600"]
[BlackElo "2410"]
[EventDate "1980.01.15"]
[PlyCount "39"]

1. e4 e5 2. Nf3 Nc6 3. Bb5 f5 4. Nc3 fxe4 5. Nxe4 d5 6. Nxe5 dxe4 7. Nxc6 Qg5 8. Qe2 Nf6 9. f4 Qh4+ 10. g3 Qh3 11. Ne5+ c6 12. Bc4 Bc5 13. d3 Ng4 14. Nf7 Bf2+ 15. Kd1 e3 16. Qf3 Nh6 17. Qe4+ Kf8 18. Bxe3 Bg4+ 19. Kd2 Re8 20. Ne5 1-0

[Event "42nd Hoogovens it"]
[Site "Wijk aan Zee NED"]
[Date "1980.01.26"]
[Round "9"]
[White "Ree, Hans"]
[Black "Timman, Jan"]
[Result "0-1"]
[WhiteElo "2520"]
[BlackElo "2600"]
[EventDate "1980.01.15"]
[PlyCount "64"]

1. d4 Nf6 2. c4 e6 3. Nf3 b6 4. g3 Ba6 5. b3 Bb4+ 6. Bd2 Be7 7. Bg2 d5 8. cxd5 Nxd5 9. Nc3 O-O 10. Nxd5 exd5 11. O-O Nd7 12. Bf4 Re8 13. Rc1 c5 14. dxc5 Bxc5 15. Rc2 Nf6 16. Ne1 Ne4 17. Nd3 d4 18. Re1 Rc8 19. Bh3 Nc3 20. Qd2 Rc6 21. Ne5 Rf6 22. Nd3 Bb7 23. b4 Bf8 24. Bg4 Qd5 25. f3 Rc6 26. a3 f5 27. Bh3 h6 28. g4 fxg4 29. Bxg4 Rg6 30. e4 dxe3 31. Qxc3 Rxg4+ 32. Bg3 Qxf3 0-1

[Event "42nd Hoogovens it"]
[Site "Wijk aan Zee NED"]
[Date "1980.01.27"]
[Round "10"]
[White "Sunye Neto, Jaime"]
[Black "Ligterink, Gert"]
[Result "1/2-1/2"]
[WhiteElo "2415"]
[BlackElo "2455"]
[EventDate "1980.01.15"]
[PlyCount "52"]

1. c4 c5 2. Nc3 Nc6 3. Nf3 Nf6 4. g3 d5 5. cxd5 Nxd5 6. Nxd5 Qxd5 7. Bg2 g6 8. O-O Bg7 9. d3 O-O 10. Be3 Bd7 11. Nd4 Qd6 12. Nxc6 Bxc6 13. Bxc6 Qxc6 14. Rc1 Qd5 15. Qa4 Rfc8 16. Rc2 b6 17. Rfc1 Re8 18. b4 cxb4 19. Qxb4 Be5 20. a4 Rad8 21. Bf4 Bxf4 22. Qxf4 e5 23. Qf6 Rd6 24. Qh4 e4 25. Rc8 Rde6 26. dxe4 Qxe4 1/2-1/2

[Event "42nd Hoogovens it"]
[Site "Wijk aan Zee NED"]
[Date "1980.01.27"]
[Round "10"]
[White "Timman, Jan"]
[Black "Byrne, Robert"]
[Result "1-0"]
[WhiteElo "2600"]
[BlackElo "2530"]
[EventDate "1980.01.15"]
[PlyCount "69"]

1. e4 e5 2. Nf3 Nc6 3. Bb5 a6 4. Ba4 Nf6 5. O-O Be7 6. Re1 b5 7. Bb3 d6 8. c3 O-O 9. h3 Na5 10. Bc2 c5 11. d4 Qc7 12. Nbd2 cxd4 13. cxd4 Nc6 14. Nb3 a5 15. Be3 a4 16. Nbd2 Bd7 17. Rc1 Qb7 18. Qe2 Rfe8 19. Bd3 Rab8 20. a3 Bd8 21. dxe5 Nxe5 22. Bb1 Ba5 23. Bg5 Nxf3+ 24. Qxf3 Bc6 25. Bxf6 Bxd2 26. Qg3 g6 27. Qxd6 Bxc1 28. Rxc1 Bxe4 29. Qf4 Qb6 30. Ba2 Bf5 31. Bd4 Qd8 32. Rc7 Re1+ 33. Kh2 g5 34. Bxf7+ Kf8 35. Ba2 1-0